header

Doing justice better (Record no. 23432)

MARC details
000 -LEADER
fixed length control field 01319nam a2200325Ia 4500
100 1# - MAIN ENTRY--AUTHOR NAME
Personal name Cornwell, David J.
245 10 - TITLE STATEMENT
Title Doing justice better
260 ## - PUBLICATION, DISTRIBUTION, ETC. (IMPRINT)
Place of publication WInchester, UK :
Name of publisher Waterside Press ;
Place of publication Portland, Or. :
Name of publisher North American distributor, ISBS,
Year of publication c2007.
300 ## - PHYSICAL DESCRIPTION
Number of Pages 210 p.
650 #0 - SUBJECT ADDED ENTRY--TOPICAL TERM
Topical Term Criminal justice, Administration of.
Topical Term Restorative justice.
Topical Term Criminals
Topical Term Reparation (Criminal justice)
856 40 - ELECTRONIC LOCATION AND ACCESS
Uniform Resource Identifier http://site.ebrary.com/lib/rucke/Doc?id=10696118

No items available.

© 2026 Rongo University
Contact us: librarian | system librarian | Rongo university